Riešením je voľná súťaž
Energetická politika Slovenskej republiky a jej hlavné ciele. Privatizácia Slovenských elektrární, a.s. Bratislava. Predpokladaná zmena v štruktúre spotreby primárnych zdrojov v prospech zemného plynu a obnoviteľných zdrojov energie. Liberalizácia trhu s energiou. Regulačné opatrenia.
Gespeichert in:
| 1. Verfasser: | |
|---|---|
| Format: | Buchkapitel |
| Sprache: | Slowakisch |
| Schlagworte: | |
| Tags: |
Keine Tags, Fügen Sie das erste Tag hinzu!
|
MARC
| LEADER | 00000naa$a2200000$$$4500 | ||
|---|---|---|---|
| 001 | 0023888 | ||
| 005 | 20230926070639.2 | ||
| 041 | 0 | |a slo | |
| 044 | |a SK | ||
| 245 | 1 | 0 | |a Riešením je voľná súťaž |c Ján Petráš |
| 520 | |a Energetická politika Slovenskej republiky a jej hlavné ciele. Privatizácia Slovenských elektrární, a.s. Bratislava. Predpokladaná zmena v štruktúre spotreby primárnych zdrojov v prospech zemného plynu a obnoviteľných zdrojov energie. Liberalizácia trhu s energiou. Regulačné opatrenia. | ||
| 610 | 2 | 0 | |a energetika |
| 610 | 2 | 0 | |a zdroje energetické |
| 610 | 2 | 0 | |a zdroje energie prírodné |
| 610 | 2 | 0 | |a energia atómová |
| 610 | 2 | 0 | |a energia tepelná |
| 610 | 2 | 0 | |a energia vodná |
| 610 | 2 | 0 | |a energia veterná |
| 610 | 2 | 0 | |a privatizácia |
| 610 | 2 | 0 | |a liberalizácia |
| 610 | 2 | 0 | |a regulácia |
| 610 | 2 | 0 | |a dodávatelia |
| 610 | 2 | 0 | |a odberatelia |
| 610 | 2 | 0 | |a spotreba energie |
| 610 | 2 | 0 | |a ceny |
| 100 | 1 | |a Petráš, Ján | |